[Event "RUS-ch Silent"]
[Site "Zelenograd"]
[Date "2020.10.10"]
[Round "11"]
[White "Kozlov, Valery Ger"]
[Black "Lebedev, Sergey Y"]
[Result "1/2-1/2"]
[WhiteElo "1780"]
[BlackElo "1743"]
[PlyCount "129"]
[EventDate "2020.10.03"]
[EventType "swiss"]
[EventRounds "11"]
[EventCountry "RUS"]
[SourceTitle "EXT 2022"]
[Source "ChessBase"]
[SourceDate "2021.10.06"]
[SourceVersion "1"]
[SourceVersionDate "2021.10.06"]
[SourceQuality "1"]

1. d4 f5 2. e4 fxe4 3. Nc3 Nf6 4. Bg5 e3 5. Bxe3 g6 6. Bc4 d5 7. Bd3 Bg7 8. Nf3 0-0 9. h3 c6 10. Qd2 a5 11. Bh6 Nh5 12. Bxg7 Kxg7 13. Ne2 Qc7 14. Ne5 Nd7 15. f4 Nxe5 16. fxe5 Kg8 17. g4 Ng7 18. 0-0-0 Ne6 19. c3 c5 20. Kb1 c4 21. Bc2 b5 22. Rdg1 Bd7 23. h4 Rf2 24. Rf1 Raf8 25. Rxf2 Rxf2 26. Qe3 Rf7 27. g5 Ng7 28. Nf4 Qc8 29. e6 Bxe6 30. Nxe6 Qxe6 31. Qxe6 Nxe6 32. h5 gxh5 33. g6 hxg6 34. Bxg6 Rg7 35. Bxh5 Nf4 36. Bf3 e6 37. Re1 Kf7 38. Rf1 Ke7 39. Re1 Rg3 40. Rf1 Nd3 41. Bd1 Re3 42. Kc2 Re1 43. Rf3 Rh1 44. b3 Rh2+ 45. Kb1 Nf2 46. Bc2 Rh1+ 47. Kb2 Rh2 48. Kb1 Ne4 49. Kb2 Nd2 50. Re3 Kd6 51. Rg3 Ne4 52. Rg1 Rh3 53. Bxe4 dxe4 54. bxc4 bxc4 55. Rg5 Rh2+ 56. Kb1 e3 57. Kc1 e2 58. Re5 e1Q+ 59. Rxe1 Rxa2 60. Kb1 Rf2 61. Re5 Rf5 62. Re2 Kd5 63. Kb2 Kd6 64. Ka3 Rb5 65. Ka4 1/2-1/2

[Event "RUS-ch Silent"]
[Site "Zelenograd"]
[Date "2020.10.09"]
[Round "7"]
[White "Lebedev, Sergey Y"]
[Black "Nikitenko, Sergey"]
[Result "0-1"]
[WhiteElo "1743"]
[BlackElo "1836"]
[PlyCount "86"]
[EventDate "2020.10.03"]
[EventType "swiss"]
[EventRounds "11"]
[EventCountry "RUS"]
[SourceTitle "EXT 2022"]
[Source "ChessBase"]
[SourceDate "2021.10.06"]
[SourceVersion "1"]
[SourceVersionDate "2021.10.06"]
[SourceQuality "1"]

1. d4 d5 2. Nf3 Nf6 3. Bf4 Bf5 4. Nbd2 e6 5. e3 Bd6 6. Bxd6 Qxd6 7. Be2 0-0 8. 0-0 c5 9. dxc5 Qxc5 10. Nb3 Qxc2 11. Qxc2 Bxc2 12. Nbd4 Bg6 13. Rac1 Nbd7 14. Rc7 Rab8 15. Bb5 Rfd8 16. Rfc1 a6 17. Bf1 Ne8 18. R7c3 Nd6 19. Nd2 Rdc8 20. Rxc8+ Rxc8 21. Rxc8+ Nxc8 22. N2b3 Nd6 23. g3 Kf8 24. Be2 Ke7 25. h4 h6 26. Na5 Kd8 27. Nab3 Bb1 28. a3 Kc7 29. Nd2 Bh7 30. Kf1 e5 31. N4f3 f6 32. Ke1 Bc2 33. Bd1 Bd3 34. Be2 Bxe2 35. Kxe2 Nc4 36. Nxc4 dxc4 37. Kd2 Nc5 38. Kc3 b5 39. Nd2 f5 40. f3 g5 41. hxg5 hxg5 42. Nf1 Kc6 43. Nd2 a5 0-1

[Event "RUS-ch Silent"]
[Site "Zelenograd"]
[Date "2020.10.07"]
[Round "5"]
[White "Lebedev, Sergey Y"]
[Black "Bakurov, Viacheslav"]
[Result "1-0"]
[WhiteElo "1743"]
[BlackElo "1817"]
[PlyCount "137"]
[EventDate "2020.10.03"]
[EventType "swiss"]
[EventRounds "11"]
[EventCountry "RUS"]
[SourceTitle "EXT 2022"]
[Source "ChessBase"]
[SourceDate "2021.10.06"]
[SourceVersion "1"]
[SourceVersionDate "2021.10.06"]
[SourceQuality "1"]

1. d4 d5 2. Nf3 f5 3. Bf4 Nf6 4. e3 e6 5. h3 Bd6 6. Bxd6 cxd6 7. Bd3 0-0 8. 0-0 Nc6 9. c4 dxc4 10. Bxc4 d5 11. Be2 Bd7 12. Nc3 a6 13. a3 Rc8 14. Rc1 Ne4 15. Nxe4 fxe4 16. Nh2 Qg5 17. Bg4 g6 18. Qd2 h5 19. f4 Qe7 20. Be2 Qg7 21. Qe1 Ne7 22. g4 Rxc1 23. Qxc1 Rc8 24. Qd2 Kh7 25. Kh1 Qf7 26. Qd1 Be8 27. Rg1 Nc6 28. Nf1 hxg4 29. hxg4 Bd7 30. Rg2 Kg7 31. Rh2 Rh8 32. Qe1 Qe8 33. Kg2 Na7 34. Qb4 Rxh2+ 35. Nxh2 Bc6 36. g5 Nc8 37. Ng4 Qe7 38. Qe1 Nd6 39. Qh4 Nf5 40. Qe1 Qd8 41. Qh1 Qh8 42. Qxh8+ Kxh8 43. Kf2 Nd6 44. Ne5 Kg7 45. Bg4 Nc4 46. Nxc4 dxc4 47. Bxe6 b5 48. Ke1 Kf8 49. Kd2 Ke7 50. Bg4 Bd5 51. Kc3 a5 52. Bd1 Ke6 53. Bg4+ Kd6 54. f5 gxf5 55. Bxf5 Ke7 56. g6 Bc6 57. g7 Kf7 58. g8Q+ Kxg8 59. Be6+ Kf8 60. d5 Ke7 61. Kd4 Be8 62. Kxe4 b4 63. axb4 axb4 64. Kd4 Bb5 65. e4 Ba6 66. e5 Bb5 67. Bg8 Kd7 68. d6 Ba6 69. Bxc4 1-0

[Event "RUS-ch Silent"]
[Site "Zelenograd"]
[Date "2020.10.04"]
[Round "2"]
[White "Trufanov, Alexey"]
[Black "Lebedev, Sergey Y"]
[Result "1-0"]
[WhiteElo "1852"]
[BlackElo "1743"]
[PlyCount "51"]
[EventDate "2020.10.03"]
[EventType "swiss"]
[EventRounds "11"]
[EventCountry "RUS"]
[SourceTitle "EXT 2022"]
[Source "ChessBase"]
[SourceDate "2021.10.06"]
[SourceVersion "1"]
[SourceVersionDate "2021.10.06"]
[SourceQuality "1"]

1. c4 f5 2. Nc3 Nf6 3. d4 g6 4. Nf3 Bg7 5. e3 0-0 6. Be2 c6 7. 0-0 Qc7 8. Ne1 d6 9. d5 e5 10. dxe6 Bxe6 11. Nc2 Nbd7 12. Nd4 Bf7 13. b3 Rfe8 14. Bb2 d5 15. Rc1 dxc4 16. Bxc4 Bxc4 17. bxc4 Ng4 18. g3 Rxe3 19. fxe3 Nxe3 20. Ne6 Nxd1 21. Nxc7 Bd4+ 22. Kh1 Nxb2 23. Nxa8 Nxc4 24. Ne2 Ne3 25. Nxd4 Nxf1 26. Rxf1 1-0

[Event "RUS-ch Silent"]
[Site "Zelenograd"]
[Date "2017.09.27"]
[Round "11"]
[White "Antipin, Alexander"]
[Black "Lebedev, Sergey Y"]
[Result "0-1"]
[WhiteElo "1853"]
[BlackElo "1831"]
[PlyCount "24"]
[EventDate "2017.09.19"]
[EventType "swiss"]
[EventRounds "11"]
[EventCountry "RUS"]
[SourceTitle "EXT 2019"]
[Source "ChessBase"]
[SourceDate "2018.10.10"]
[SourceVersion "1"]
[SourceVersionDate "2018.10.10"]
[SourceQuality "1"]

1. e4 d5 2. d4 dxe4 3. Nc3 Nf6 4. Bc4 Bg4 5. f3 exf3 6. Nxf3 e6 7. Bg5 Be7 8. 0-0 Nc6 9. Bb5 0-0 10. Bxc6 bxc6 11. Ne2 Qd5 12. Nf4 Qb5 0-1

[Event "RUS-ch Silent"]
[Site "Zelenograd"]
[Date "2017.09.22"]
[Round "5"]
[White "Lebedev, Sergey Y"]
[Black "Mansursky, Shevket"]
[Result "1-0"]
[WhiteElo "1831"]
[BlackElo "1646"]
[PlyCount "99"]
[EventDate "2017.09.19"]
[EventType "swiss"]
[EventRounds "11"]
[EventCountry "RUS"]
[SourceTitle "EXT 2019"]
[Source "ChessBase"]
[SourceDate "2018.10.10"]
[SourceVersion "1"]
[SourceVersionDate "2018.10.10"]
[SourceQuality "1"]

1. d4 d6 2. Nf3 g6 3. e4 Bg7 4. c3 Nd7 5. Be2 a6 6. a4 e6 7. 0-0 c5 8. Bf4 Qe7 9. Qd2 h6 10. Re1 b6 11. Na3 Bb7 12. Bd3 g5 13. Bg3 Ngf6 14. Nc4 e5 15. dxe5 0-0 16. exf6 Nxf6 17. Bxd6 Qd8 18. Bxf8 Bxf8 19. Qe2 Qc7 20. e5 Nd5 21. Qe4 Bg7 22. Qf5 Nf4 23. Nd6 Nxd3 24. Qxd3 Bc6 25. Qc4 Bf8 26. Red1 Qe7 27. Re1 Qe6 28. Qxe6 fxe6 29. b3 Be7 30. Nd2 h5 31. N2e4 Kg7 32. h3 Rf8 33. Rad1 Rb8 34. Ng3 Kg6 35. Ne2 Rf8 36. Nc1 Rb8 37. Nd3 Bd5 38. c4 Bc6 39. Rf1 Rf8 40. b4 Bxa4 41. Ra1 Bc2 42. Ne1 Bf5 43. bxc5 b5 44. cxb5 axb5 45. Ra5 b4 46. Rb5 g4 47. hxg4 Bxg4 48. f3 Bf5 49. Rxb4 Kg5 50. c6 1-0

[Event "Moscow-ch Silent"]
[Site "Moscow"]
[Date "2017.08.18"]
[Round "4"]
[White "Smirnov, Andrey"]
[Black "Lebedev, Sergey Y"]
[Result "1-0"]
[WhiteElo "2138"]
[BlackElo "1835"]
[PlyCount "29"]
[EventDate "2017.08.15"]
[EventType "tourn"]
[EventRounds "11"]
[EventCountry "RUS"]
[SourceTitle "EXT 2022"]
[Source "ChessBase"]
[SourceDate "2021.10.06"]
[SourceVersion "1"]
[SourceVersionDate "2021.10.06"]
[SourceQuality "1"]

1. e4 d5 2. exd5 Qxd5 3. Nc3 Qa5 4. d4 Nf6 5. Bc4 Bg4 6. f3 Bf5 7. Bd2 c6 8. Qe2 Qb6 9. 0-0-0 a5 10. g4 Bg6 11. f4 h6 12. f5 Bh7 13. h4 Qxd4 14. Nf3 Qc5 15. Be3 1-0

[Event "Moscow-ch Silent"]
[Site "Moscow"]
[Date "2017.08.16"]
[Round "2"]
[White "Zhaferova, Flura"]
[Black "Lebedev, Sergey Y"]
[Result "0-1"]
[WhiteElo "1688"]
[BlackElo "1835"]
[PlyCount "50"]
[EventDate "2017.08.15"]
[EventType "tourn"]
[EventRounds "11"]
[EventCountry "RUS"]
[SourceTitle "EXT 2022"]
[Source "ChessBase"]
[SourceDate "2021.10.06"]
[SourceVersion "1"]
[SourceVersionDate "2021.10.06"]
[SourceQuality "1"]

1. d4 d5 2. g3 Bf5 3. Bg2 e6 4. Nf3 h6 5. c3 Nf6 6. Bf4 Nbd7 7. 0-0 c5 8. dxc5 Bxc5 9. Ne5 Nxe5 10. Bxe5 0-0 11. Nd2 Ng4 12. Bd4 Bxd4 13. cxd4 Qb6 14. Nb3 a5 15. Qd2 Rfc8 16. h3 Rc2 17. Qf4 Nf6 18. g4 Be4 19. Bxe4 Nxe4 20. e3 Rac8 21. Rac1 Rxc1 22. Rxc1 Rxc1+ 23. Nxc1 Qxb2 24. Nd3 Qb1+ 25. Kg2 Qxd3 0-1

[Event "W-ch Disabled"]
[Site "Dresden"]
[Date "2015.10.20"]
[Round "3"]
[White "Lebedev, Sergey Y"]
[Black "Koenig, Juergen"]
[Result "1/2-1/2"]
[WhiteElo "1854"]
[BlackElo "1640"]
[PlyCount "126"]
[EventDate "2015.10.18"]
[EventType "swiss"]
[EventRounds "7"]
[EventCountry "GER"]
[SourceTitle "CBM 168 Extra"]
[Source "ChessBase"]
[SourceDate "2015.10.29"]
[SourceVersion "1"]
[SourceVersionDate "2015.10.29"]
[SourceQuality "1"]

1. d4 d5 2. Bf4 Nf6 3. e3 Bf5 4. Nd2 e6 5. Ngf3 Nbd7 6. h3 h6 7. Be2 c5 8. c4 dxc4 9. Nxc4 Ne4 10. 0-0 Be7 11. d5 Bf6 12. dxe6 Bxe6 13. Qc2 Bxc4 14. Bxc4 Ng5 15. Nxg5 Bxg5 16. Qe4+ Be7 17. Qxb7 Qc8 18. Qe4 Nf6 19. Qc2 0-0 20. Rfd1 Qc6 21. Qb3 Nh5 22. Bh2 Qg6 23. Rd7 Bh4 24. Bxf7+ Rxf7 25. g3 Nxg3 26. Bxg3 Bxg3 27. Qxf7+ Qxf7 28. Rxf7 Kxf7 29. fxg3 Rd8 30. Rc1 Ke6 31. Rxc5 Rd1+ 32. Kg2 Rd2+ 33. Kf3 Rxb2 34. Rc7 Rxa2 35. Rxg7 Kf6 36. Rc7 a5 37. Ra7 a4 38. Ra6+ Kg7 39. e4 Ra1 40. h4 a3 41. Kg4 a2 42. e5 Re1 43. Rxa2 Rxe5 44. Ra7+ Kg8 45. Rd7 Ra5 46. Re7 Rb5 47. Re4 Kg7 48. Rf4 Ra5 49. Rf5 Ra6 50. Kh5 Rg6 51. g4 Rb6 52. g5 hxg5 53. hxg5 Rb1 54. Rf4 Rh1+ 55. Rh4 Rxh4+ 56. Kxh4 Kg6 57. Kg4 Kg7 58. Kf5 Kf7 59. g6+ Kg7 60. Kg5 Kg8 61. Kf6 Kf8 62. Kf5 Kg7 63. Kg5 Kg8 1/2-1/2

[Event "W-ch Disabled"]
[Site "Dresden"]
[Date "2015.10.18"]
[Round "1"]
[White "Lebedev, Sergey Y"]
[Black "Stachanczyk, Jacek"]
[Result "0-1"]
[WhiteElo "1854"]
[BlackElo "2240"]
[PlyCount "54"]
[EventDate "2015.10.18"]
[EventType "swiss"]
[EventRounds "7"]
[EventCountry "GER"]
[SourceTitle "CBM 168 Extra"]
[Source "ChessBase"]
[SourceDate "2015.10.29"]
[SourceVersion "1"]
[SourceVersionDate "2015.10.29"]
[SourceQuality "1"]

1. d4 d5 2. Bf4 c5 3. e3 Nf6 4. Nf3 Nc6 5. Nc3 Bg4 6. Bb5 e6 7. h3 Bxf3 8. gxf3 Qb6 9. Rg1 cxd4 10. exd4 Bb4 11. Bxc6+ Qxc6 12. Qd3 Bxc3+ 13. bxc3 0-0 14. Be5 Ne8 15. Qe3 f6 16. Bh2 Rc8 17. Kd2 Rf7 18. h4 Re7 19. Rab1 e5 20. Rb3 Nd6 21. Qe2 Rce8 22. dxe5 Nc4+ 23. Kc1 Rxe5 24. Bxe5 Rxe5 25. Qf1 Qe6 26. Kd1 Qf5 27. Qg2 Qf4 0-1

[Event "RUS-ch Silent"]
[Site "Zelenograd"]
[Date "2015.06.10"]
[Round "11"]
[White "Lebedev, Sergey Y"]
[Black "Ionov, Yuri"]
[Result "1/2-1/2"]
[WhiteElo "1840"]
[BlackElo "2034"]
[PlyCount "60"]
[EventDate "2015.06.02"]
[EventType "swiss"]
[EventRounds "11"]
[EventCountry "RUS"]
[SourceTitle "EXT 2018"]
[Source "ChessBase"]
[SourceDate "2017.10.13"]
[SourceVersion "1"]
[SourceVersionDate "2017.10.13"]
[SourceQuality "1"]

1. d4 Nf6 2. c4 c5 3. d5 d6 4. Nc3 g6 5. Nf3 Bg7 6. Bf4 0-0 7. e3 a6 8. a4 Ne8 9. Qd2 Qa5 10. Be2 b5 11. cxb5 Bxc3 12. Qxc3 Qxc3+ 13. bxc3 axb5 14. Bxb5 Nc7 15. 0-0 Ba6 16. c4 Bb7 17. Rfe1 Nba6 18. Re2 Nb4 19. e4 Ba6 20. Bd2 Nxb5 21. axb5 Bb7 22. Rxa8 Rxa8 23. Bxb4 cxb4 24. h3 f6 25. Rb2 Ra4 26. Nd2 Kf7 27. f3 e6 28. Kf2 exd5 29. exd5 f5 30. Kg3 Kf6 1/2-1/2

[Event "RUS-ch Silent"]
[Site "Zelenograd"]
[Date "2015.06.09"]
[Round "10"]
[White "Lebedev, Sergey Y"]
[Black "Antipin, Alexander"]
[Result "1-0"]
[WhiteElo "1840"]
[BlackElo "1863"]
[PlyCount "33"]
[EventDate "2015.06.02"]
[EventType "swiss"]
[EventRounds "11"]
[EventCountry "RUS"]
[SourceTitle "EXT 2018"]
[Source "ChessBase"]
[SourceDate "2017.10.13"]
[SourceVersion "1"]
[SourceVersionDate "2017.10.13"]
[SourceQuality "1"]

1. d4 d5 2. c4 dxc4 3. Nc3 e5 4. d5 c6 5. e4 b5 6. a3 a6 7. Nf3 Bd6 8. Bg5 Ne7 9. Bxe7 Qxe7 10. dxc6 Nxc6 11. Nd5 Qb7 12. Nf6+ Ke7 13. Nd5+ Kf8 14. Nb6 Qxb6 15. Qxd6+ Kg8 16. Nxe5 Nxe5 17. Qxb6 1-0

[Event "RUS-ch Silent"]
[Site "Zelenograd"]
[Date "2015.06.03"]
[Round "3"]
[White "Lebedev, Sergey Y"]
[Black "Solovey, Vjacheslav"]
[Result "1/2-1/2"]
[WhiteElo "1840"]
[BlackElo "1905"]
[PlyCount "106"]
[EventDate "2015.06.02"]
[EventType "swiss"]
[EventRounds "11"]
[EventCountry "RUS"]
[SourceTitle "EXT 2018"]
[Source "ChessBase"]
[SourceDate "2017.10.13"]
[SourceVersion "1"]
[SourceVersionDate "2017.10.13"]
[SourceQuality "1"]

1. d4 f5 2. c4 e6 3. Nc3 Nf6 4. Nf3 d5 5. Bg5 Be7 6. e3 c6 7. Ne5 0-0 8. Be2 Nbd7 9. Nf3 b6 10. Qc2 Bb7 11. cxd5 cxd5 12. Bf4 Rc8 13. Ng5 Bb4 14. Nxe6 Qe7 15. Nxf8 Qxf8 16. 0-0 Ne4 17. Rac1 Bxc3 18. bxc3 Nxc3 19. Qb2 Nxe2+ 20. Qxe2 Qa3 21. Rxc8+ Bxc8 22. Qc2 Ba6 23. Rc1 Bc4 24. Ra1 g6 25. h4 h5 26. Bg5 Kf7 27. f3 b5 28. e4 dxe4 29. fxe4 Qd3 30. Qxd3 Bxd3 31. exf5 gxf5 32. Re1 Be4 33. Rc1 Ke6 34. Rc7 a5 35. Ra7 a4 36. Ra6+ Kd5 37. Be7 Kc4 38. a3 Nb8 39. Rh6 Nc6 40. Bc5 Nxd4 41. Bxd4 Kxd4 42. Rxh5 Kc3 43. Rg5 b4 44. Rg3+ Kc4 45. axb4 Kxb4 46. Re3 a3 47. Rxa3 Kxa3 48. g3 Kb4 49. h5 Kc5 50. h6 f4 51. gxf4 Kd6 52. Kf2 Ke6 53. Ke3 Bh7 1/2-1/2

[Event "RUS-ch Silent"]
[Site "Zelenograd "]
[Date "2014.09.20"]
[Round "2"]
[White "Lebedev, Sergey Y"]
[Black "Tubakin, Leonid"]
[Result "0-1"]
[WhiteElo "1865"]
[BlackElo "1967"]
[PlyCount "58"]
[EventDate "2014.09.19"]
[EventType "swiss"]
[EventRounds "11"]
[EventCountry "RUS"]
[SourceTitle "EXT 2015"]
[Source "ChessBase"]
[SourceDate "2014.11.20"]
[SourceVersion "1"]
[SourceVersionDate "2014.11.20"]
[SourceQuality "1"]

1. d4 Nf6 2. Bf4 d5 3. e3 Nc6 4. Nf3 e6 5. Bb5 Bd7 6. 0-0 Nh5 7. Bg5 Be7 8. Bxe7 Qxe7 9. Bxc6 Bxc6 10. Ne5 Nf6 11. Nxc6 bxc6 12. c3 0-0 13. Nd2 c5 14. Re1 cxd4 15. cxd4 c5 16. dxc5 Qxc5 17. Rc1 Qb4 18. Qc2 h6 19. a3 Qb5 20. Qb1 Rfc8 21. Rc2 Rxc2 22. Qxc2 Rb8 23. Rb1 Qe2 24. Rc1 Ng4 25. Nf3 Rxb2 26. Qxe2 Rxe2 27. Rc8+ Kh7 28. Rc7 Ra2 29. h3 Ra1+ 0-1